American audacity : literary essays North and South /

Bibliographic Details
Main Author: Benfey, Christopher E. G., 1954-
Format: Book
Language:English
Published: Ann Arbor : University of Michigan Press, [2008]
Series:Writers on writing (Ann Arbor, Mich.)
Subjects:
Online Access:Publisher description

MARC

Tag First Indicator Second Indicator Subfields
LEADER 00000cam a22000004a 4500
001 in00002431997
005 20151109193818.0
008 070727s2008 miu b s000 0 eng
010 |a  2007030972 
015 |a GBA7A0210  |2 bnb 
016 7 |a 014464829  |2 Uk 
020 |a 9780472116263 (cloth : alk. paper) 
020 |a 0472116266 (cloth : alk. paper) 
029 1 |a AU@  |b 000042095449 
035 |a (OCoLC)ocn154666472 
035 |a (OCoLC)154666472 
040 |a DLC  |c DLC  |d BTCTA  |d BAKER  |d YDXCP  |d UKM  |d OCLCG  |d C#P  |d BWX  |d CDX  |d UtOrBLW 
049 |a TXAM 
050 0 0 |a PS169.N35  |b B46 2008 
082 0 0 |a 810.9  |2 22 
100 1 |a Benfey, Christopher E. G.,  |d 1954- 
245 1 0 |a American audacity :  |b literary essays North and South /  |c Christopher Benfey. 
264 1 |a Ann Arbor :  |b University of Michigan Press,  |c [2008] 
264 4 |c ©2008 
300 |a 247 pages ;  |c 24 cm. 
336 |a text  |b txt  |2 rdacontent 
337 |a unmediated  |b n  |2 rdamedia 
338 |a volume  |b nc  |2 rdacarrier 
490 1 |a Writers on writing 
504 |a Includes bibliographical references. 
650 0 |a American literature  |x History and criticism. 
650 0 |a Regionalism in literature. 
650 0 |a National characteristics, American, in literature. 
830 0 |a Writers on writing (Ann Arbor, Mich.) 
856 4 2 |3 Publisher description  |u http://www.loc.gov/catdir/enhancements/fy0812/2007030972-d.html  |t 0 
938 |a Baker & Taylor  |b BKTY  |c 29.95  |d 22.46  |i 0472116266  |n 0007196687  |s active 
938 |a YBP Library Services  |b YANK  |n 2571504 
938 |a Baker and Taylor  |b BTCP  |n 2007030972 
938 |a Blackwell Book Service  |b BBUS  |n R2742038  |c $29.95 
938 |a Coutts Information Services  |b COUT  |n 5988927 
945 |a PromptCat  |b 560578 
946 |a stk 
947 |a A14836681433 
994 |a 92  |b TXA 
948 |a cataloged  |b h  |d 2008/12/1  |h c  |e asalazar  |f 12:58:25 pm 
999 |a MARS 
999 f f |s e04297f3-86d9-31bd-8734-5d1450d31f49  |i 7ed5cf7f-038d-3269-bb12-230775c72643  |t 0 
952 f f |p ric  |a Texas A&M University  |b Rellis Campus  |c Joint Library Facility  |d Remote Storage  |t 0  |e PS169.N35 B46 2008  |h Library of Congress classification  |i unmediated -- volume  |m A14836681433 
998 f f |a PS169.N35 B46 2008  |t 0  |l Remote Storage